| 000 -CABECERA |
| Longitud fija campo de control |
00557nam a2200169 a 4500 |
| 001 - NÚMERO DE CONTROL |
| Número de control |
2751 |
| 003 - IDENTIFICADOR DEL NÚMERO DE CONTROL |
| Identificador del número de control |
CDMR |
| 005 - FECHA Y HORA DE LA ÚLTIMA TRANSACCIÓN |
| Fecha y hora de la última transacción |
20131107152538.0 |
| 008 - CÓDIGOS DE INFORMACIÓN DE LONGITUD FIJA |
| Códigos de información de longitud fija |
130130s ||||||||||||||||||||||||||||d |
| 040 ## - FUENTE DE LA CATALOGACIÓN |
| Centro catalogador de origen |
CDMR |
| Lengua de catalogación |
cat |
| Centro transcriptor |
CDMR |
| 111 2# - PUNTO DE ACCESO PRINCIPAL-NOMBRE DE CONGRESO |
| Nombre de congreso o jurisdicción como elemento de entrada |
Conference of the International Association for Mass Communication Research |
| Sede del congreso |
Barcelona |
| Fecha del congreso |
1988 |
| Número del congreso o número de parte o sección de la obra |
16º |
| 9 (RLIN) |
367 |
| 245 10 - MENCIÓN DE TÍTULO |
| Título |
Mass communication and cultural identity |
| Resto del título |
: main papers |
| 300 ## - DESCRIPCIÓN FÍSICA |
| Extensión |
2 v. |
| 650 04 - PUNTO DE ACCESO ADICIONAL DE MATERIA - TÉRMINO DE MATERIA |
| 9 (RLIN) |
2757 |
| Término de materia o nombre geográfico como elemento inicial |
Mitjans de comunicació de massa |
| Subdivisión de materia general |
Aspectes socials |
| 650 04 - PUNTO DE ACCESO ADICIONAL DE MATERIA - TÉRMINO DE MATERIA |
| 9 (RLIN) |
4287 |
| Término de materia o nombre geográfico como elemento inicial |
Identitat col·lectiva |
| 942 ## - ENTRADA DE ELEMENTOS AGREGADOS (KOHA) |
| Koha [por defecto] tipo de item |
Monografies |
| Fuente de clasificaión o esquema |
|